MARC

LEADER 00000nam0a2200000 4500
001 337852
005 20231102005006.0
035 |a (RuTPU)RU\TPU\book\364340 
090 |a 337852 
100 |a 20171114d1932 k y0rusy50 ca 
101 0 |a rus  |a eng 
102 |a RU 
105 |a a z 001zy 
200 1 |a Геологический очерк района Военно-Грузинской дороги  |f В. П. Ренгартен  |g СССР, Всесоюзное геологоразведочное объединение ; Центральный научно-исследовательский геологоразведочный институт (ЦНИГРИ), Сектор геологической карты 
210 |a Москва  |a Ленинград  |c Геологическое изд-во  |d 1932 
215 |a 79 с.  |c ил.  |e Прилож.: 1 карта, 2 табл. 
225 1 |a Труды Всесоюзного геолого-разведочного объединения  |v Вып. 148 
320 |a Библиогр.: с. 67-69 
606 1 |a Геология  |y Грузия  |2 stltpush  |3 (RuTPU)RU\TPU\subj\72256  |9 85821 
610 1 |a орография 
610 1 |a стратиграфия 
610 1 |a верхняя юра 
610 1 |a меловая система 
610 1 |a третичная система 
610 1 |a библиотека М. А. Усова 
610 1 |a четвертичная система 
610 1 |a тектоника 
610 1 |a подземные воды 
610 1 |a полезные ископаемые 
675 |a 55(479.22)  |v 4 
700 1 |a Ренгартен  |b В. П. 
712 0 1 |a СССР  |b Всесоюзное геологоразведочное объединение  |c (1931-1933)  |2 stltpush  |3 (RuTPU)RU\TPU\col\18435  |9 27031 
712 0 2 |a Центральный научно-исследовательский геологоразведочный институт (ЦНИГРИ)  |b Сектор геологической карты  |c (Ленинград)  |c (1931-1939)  |2 stltpush  |3 (RuTPU)RU\TPU\col\18472 
801 1 |a RU  |b 63413507  |c 20171114 
801 2 |a RU  |b 63413507  |c 20200901  |g RCR 
942 |c BK